000 00334nam a2200133Ia 4500
008 240624s9999 xx 000 0 und d
041 _aeng
082 _a920 DUT
100 _aDUTTA ARUP KUMAR
245 _aBHUPEN HAZARIKA THE ROVING MINSTREL
260 _c2002
_aNew Delhi
_bRupa and Company
300 _a80 : p.
365 _cRS
_b25
999 _c17566
_d17566